Normal view
MARC view
- الاقتصاد الدولي
Entry Topical Term
001 - CONTROL NUMBER
- control field: 33937
003 - CONTROL NUMBER IDENTIFIER
- control field: JO-AjAnu
005 - DATE AND TIME OF LATEST TRANSACTION
- control field: 20230606075705.0
008 - FIXED-LENGTH DATA ELEMENTS
- fixed length control field: 230606|| aca||aabn | a|a d
040 ## - CATALOGING SOURCE
- Original cataloging agency: JO-AjAnu
- Transcribing agency: JO-AjAnu
150 ## - HEADING--TOPICAL TERM
- Topical term or geographic name entry element: الاقتصاد الدولي
670 ## - SOURCE DATA FOUND
- Source citation: Work cat.: (JO-AjAnu)17430: دويدار،محمد, author 33936, مبادئ الإقتصاد السياسي : الإقتصاد الدولي : ميزان المدفوعات و العلاقات الإقتصادية الدولية - الإقتصاد الدولي المعاصر - التفسير النظري للعلاقات الإقتصادية الدولية